[Event "2017 Alberta Open"]
[Site "?"]
[Date "2017.10.08"]
[Round "4"]
[White "Matras-Clement, Agnieszka"]
[Black "Haessel, Dale"]
[Result "1-0"]
[WhiteElo "2308"]
[BlackElo "2322"]
[PlyCount "60"]
[SourceDate "2017.09.01"]

1. e4 e5 2. Nf3 Nc6 3. Bc4 Bc5 4. c3 Nf6 5. d3 O-O 6. Bg5 h6 7. Bh4 Be7 8. Nbd2
d6 9. Bb3 Be6 10. O-O Nd7 11. Bg3 Nc5 12. Bc2 Bg4 13. h3 Bh5 14. b4 Ne6 15. b5
Nb8 16. Qe1 a6 17. a4 Nd7 18. Qe3 Bg5 19. Nxg5 hxg5 20. d4 Nf4 21. f3 f6 22.
Rfb1 a5 23. Nb3 Qe7 24. c4 b6 25. c5 exd4 26. cxd6 Qxd6 27. Bxf4 gxf4 28. Qxd4
Qxd4+ 29. Nxd4 Bf7 30. Nf5 Nc5 {unreadable} 1-0

[Event "2017 Alberta Open"]
[Site "?"]
[Date "2017.10.08"]
[Round "4"]
[White "Wei, Daniel"]
[Black "Chen, Jeffrey"]
[Result "1-0"]
[WhiteElo "1799"]
[BlackElo "1465"]
[PlyCount "63"]
[SourceDate "2017.09.01"]

1. e4 c5 2. Nf3 d6 3. d4 cxd4 4. Nxd4 Nf6 5. Nc3 a6 6. Rg1 e5 7. Nb3 Be7 8. g4
Nc6 9. Be3 Be6 10. g5 Nd7 11. Nd5 Rc8 12. Qd2 O-O 13. h4 Bxd5 14. exd5 Ncb8 15.
O-O-O b5 16. h5 g6 17. hxg6 fxg6 18. Rh1 Nb6 19. Bh3 Nc4 20. Qe2 Nxe3 21. fxe3
Rc4 22. Be6+ Kg7 23. Qh2 h5 24. gxh6+ Kh7 25. Rdg1 Bg5 26. Qg3 Bxe3+ 27. Qxe3
Nd7 28. Nd2 Rc5 29. Ne4 Qc7 30. Qg3 Rg8 31. Ng5+ Kh8 32. Nf7+ 1-0

[Event "2017 Alberta Open"]
[Site "?"]
[Date "2017.10.08"]
[Round "4"]
[White "Kalashyan, Hayrapet"]
[Black "Robertson, Trevor"]
[Result "0-1"]
[WhiteElo "1409"]
[BlackElo "1631"]
[PlyCount "110"]
[SourceDate "2017.09.01"]

1. d4 d5 2. Bf4 e6 3. e3 c6 4. c3 Nf6 5. Nd2 Bd6 6. Bg3 Qc7 7. Bd3 Nbd7 8. f4
O-O 9. Ngf3 Nh5 10. Ng5 g6 11. Ndf3 c5 12. Ne5 Bxe5 13. dxe5 Ng7 14. h4 h5 15.
Qc2 Nf5 16. Bf2 Rd8 17. O-O-O Nf8 18. Be2 b6 19. g4 hxg4 20. Bxg4 Bb7 21. h5 d4
22. e4 Ne3 23. Bxe3 dxe3 24. hxg6 Rxd1+ 25. Rxd1 fxg6 26. Nxe6 Nxe6 27. Bxe6+
Kg7 28. Bd5 Rf8 29. Rf1 Ba6 30. c4 Bc8 31. Qe2 g5 32. Qxe3 gxf4 33. Qg1+ Kh8
34. Qh2+ Qh7 35. Qxh7+ Kxh7 36. e6 Kg7 37. e7 Re8 38. Rxf4 Rxe7 39. Kc2 a5 40.
Kb3 Bd7 41. a3 a4+ 42. Kc3 Kg6 43. Rf8 Rh7 44. Rd8 Kf6 45. b4 Rh3+ 46. Kb2 Ke7
47. Rb8 cxb4 48. axb4 Rb3+ 49. Ka2 Rxb4 50. c5 bxc5 51. Rxb4 cxb4 52. Kb2 Kd6
53. Ka2 Be6 54. Bxe6 Kxe6 55. Kb2 Ke5 0-1

[Event "2017 Alberta Open"]
[Site "?"]
[Date "2017.10.08"]
[Round "4"]
[White "Chao, Lucy"]
[Black "McKay, Arnold"]
[Result "0-1"]
[WhiteElo "1634"]
[BlackElo "1826"]
[PlyCount "104"]
[SourceDate "2017.09.01"]

1. e4 c5 2. Nf3 d6 3. d4 cxd4 4. Nxd4 Nf6 5. Nc3 g6 6. Bc4 Bg7 7. Be3 O-O 8. f3
a6 9. Qd2 Bd7 10. O-O-O Nc6 11. g4 Ne5 12. Be2 b5 13. h4 b4 14. Nd5 Nxd5 15.
exd5 Qa5 16. a3 Rfb8 17. Nc6 Nxc6 18. dxc6 Bxc6 19. Bc4 Qa4 20. Bb3 bxa3 21.
Bxa4 a2 22. Qa5 a1=Q+ 23. Kd2 Qxa4 24. Qxa4 Bxa4 25. b3 Bc6 26. Rdf1 h6 27. h5
g5 28. Rh2 e5 29. Kc1 d5 30. Bc5 Rb5 31. b4 a5 32. c3 axb4 33. Rb2 Ra1+ 34. Rb1
Rxb1+ 35. Kxb1 bxc3+ 36. Kc2 Rxc5 37. Rb1 Ba4+ 38. Kc1 Rb5 39. Ra1 Rb4 40. Ra2
c2 41. Kd2 Rb1 42. Rxc2 Bxc2 43. Kxc2 Rf1 44. Kb3 Rxf3+ 45. Kb4 Bf8+ 46. Kb5
Rc3 47. Ka4 d4 48. Kb5 d3 49. Ka4 d2 50. Ka5 d1=R 51. Ka4 Rb1 52. Ka5 Ra3# 0-1

[Event "2017 Alberta Open"]
[Site "?"]
[Date "2017.10.08"]
[Round "4"]
[White "Ratte, Cameron"]
[Black "Chen, Jeffrey"]
[Result "1/2-1/2"]
[WhiteElo "1666"]
[BlackElo "1465"]
[PlyCount "73"]
[SourceDate "2017.09.01"]

1. e4 c5 2. Nf3 d6 3. d4 cxd4 4. Nxd4 Nf6 5. Nc3 a6 6. Bc4 e6 7. Bb3 b5 8. O-O
Be7 9. Qf3 O-O 10. e5 Nd5 11. Nxd5 exd5 12. Bxd5 Ra7 13. e6 fxe6 14. Nxe6 Bxe6
15. Bxe6+ Kh8 16. Qd5 Nd7 17. Be3 Nf6 18. Qd3 Rc7 19. c3 Qb8 20. b4 Nh5 21. Bf5
Nf6 22. a4 Rc4 23. axb5 axb5 24. Ra7 Bd8 25. Rfa1 Bb6 26. Bxb6 Qxb6 27. R1a6
Qb8 28. g3 Rd8 29. Re7 d5 30. Raa7 g6 31. Bxg6 Ne4 32. Qd4+ Rxd4 33. Rxh7+ Kg8
34. Rag7+ Kf8 35. Rf7+ Kg8 36. Rhg7+ Kh8 37. Rh7+ 1/2-1/2

[Event "2017 Alberta Open"]
[Site "?"]
[Date "2017.10.08"]
[Round "4"]
[White "Malek, Omid"]
[Black "Laceste, Loren"]
[Result "1/2-1/2"]
[WhiteElo "2146"]
[BlackElo "2301"]
[PlyCount "105"]
[SourceDate "2017.09.01"]

1. d4 d5 2. Bf4 Nf6 3. e3 c5 4. c3 Nc6 5. Nd2 e6 6. Ngf3 Bd6 7. Bg3 a6 8. Bd3
O-O 9. Ne5 Re8 10. f4 Qc7 11. Bf2 b5 12. g4 Nd7 13. g5 Nf8 14. h4 Ne7 15. h5
Nf5 16. Ndf3 c4 17. Bc2 b4 18. g6 f6 19. gxh7+ Nxh7 20. Ng4 Rb8 21. h6 g6 22.
Rg1 Kh8 23. Nh4 Rg8 24. Rb1 Bd7 25. Ne5 fxe5 26. fxe5 g5 27. exd6 Qxd6 28. Nf3
Rbf8 29. Ne5 Be8 30. Bg3 Qe7 31. Ng4 Nxg3 32. Rxg3 Bh5 33. Rh3 Qf7 34. Kd2 Bxg4
35. Qxg4 Qf2+ 36. Qe2 g4 37. Rh2 Qf6 38. Bxh7 bxc3+ 39. bxc3 Kxh7 40. Rhh1 Rb8
41. Rhf1 Qg6 42. e4 dxe4 43. Rxb8 Rxb8 44. Qxc4 Qxh6+ 45. Kd1 Qh2 46. Rf7+ Kg8
47. Rb7 Rxb7 48. Qc8+ Kf7 49. Qxb7+ Kf6 50. Qxe4 g3 51. Qf4+ Kg6 52. Qg4+ Kf6
53. Qf4+ 1/2-1/2

[Event "2017 Alberta Open"]
[Site "?"]
[Date "2017.10.08"]
[Round "4"]
[White "Guevarra, Alvin"]
[Black "Mo, Michelle"]
[Result "1/2-1/2"]
[WhiteElo "1942"]
[BlackElo "1520"]
[PlyCount "119"]
[SourceDate "2017.09.01"]

1. d4 Nf6 2. Bf4 e6 3. Nd2 c5 4. e3 Nc6 5. c3 Be7 6. Bd3 b6 7. Ngf3 Bb7 8. dxc5
bxc5 9. e4 d6 10. Qe2 a5 11. Nc4 d5 12. exd5 Nxd5 13. Bg3 O-O 14. Rd1 Ba6 15.
O-O Qc8 16. Nfe5 Nxe5 17. Bxe5 Bxc4 18. Bxc4 Nf6 19. Bd3 Rd8 20. c4 Nd7 21. Qe4
g6 22. Bc3 Bf8 23. Bb1 Qa6 24. Qh4 Qa7 25. Rxd7 Rxd7 26. Qf6 Rd4 27. Bxd4 cxd4
28. Rd1 Bg7 29. Qf3 Rc8 30. Qd3 Qc5 31. b3 e5 32. g4 Qe7 33. Qe4 Qg5 34. Kh1
Qf6 35. Kg2 Qf4 36. Qxf4 exf4 37. Kf3 g5 38. Re1 h6 39. Re7 Kf8 40. Ra7 Rc5 41.
Be4 Be5 42. Bd5 d3 43. Rxf7+ Ke8 44. Rf5 Bd4 45. Bf7+ Ke7 46. Rxc5 Bxc5 47. Bg6
d2 48. Bc2 Kd6 49. Ke2 Ke5 50. f3 Kd4 51. Kxd2 Bb4+ 52. Ke2 Kc3 53. Bd1 Bc5 54.
b4 Bxb4 55. Bb3 Kd4 56. Kf2 Kd3 57. c5 Bxc5+ 58. Kg2 Kc3 59. Bf7 a4 60. Bg8
1/2-1/2

[Event "2017 Alberta Open"]
[Site "?"]
[Date "2017.10.08"]
[Round "4"]
[White "Beresinksi, Piotr"]
[Black "Rohatynski, Jordan"]
[Result "0-1"]
[WhiteElo "1838"]
[BlackElo "1608"]
[PlyCount "90"]
[SourceDate "2017.09.01"]

1. e4 e5 2. Nf3 Nf6 3. d3 d6 4. Bg5 h6 5. Bxf6 Qxf6 6. Nbd2 Be6 7. Be2 Nd7 8.
c3 Nb6 9. b4 d5 10. a3 c5 11. Nb3 dxe4 12. dxe4 c4 13. Na5 Rd8 14. Qc2 Rd7 15.
Nd2 Qg5 16. Bf1 Rc7 17. Rd1 Be7 18. h4 Qh5 19. Qa2 Na4 20. Qc2 Nb6 21. Be2 Bg4
22. Bxg4 Qxg4 23. g3 O-O 24. Nf1 Qf3 25. Rg1 f5 26. exf5 Qxf5 27. Qe2 Qe6 28.
Rd4 Rfc8 29. Re4 Nd7 30. Nd2 b5 31. f4 Bf6 32. Qh5 Qb6 33. Nf3 exf4 34. Nd4
Bxd4 35. Qd5+ Kh8 36. Qxd4 Nf6 37. Rxf4 Rd7 38. Qf2 Re8+ 39. Kf1 Qxf2+ 40. Rxf2
Ne4 41. Rc2 Rd3 42. Nc6 Rf8+ 43. Ke1 Nxc3 44. Rxc3 Rxc3 45. Nxa7 Rc1+ 0-1

[Event "2017 Alberta Open"]
[Site "?"]
[Date "2017.10.08"]
[Round "4"]
[White "Rohatynski, Jordan"]
[Black "Zhao, Ian"]
[Result "0-1"]
[WhiteElo "1608"]
[BlackElo "2015"]
[PlyCount "60"]
[SourceDate "2017.09.01"]

1. e4 e5 2. Nf3 Nc6 3. Bb5 a6 4. Ba4 Nf6 5. d3 b5 6. Bb3 Be7 7. c3 d6 8. h3 O-O
9. Bg5 h6 10. Bh4 Na5 11. Nbd2 Nxb3 12. axb3 c5 13. d4 exd4 14. cxd4 Nxe4 15.
Nxe4 Bxh4 16. Nxh4 Qxh4 17. Nxd6 Qe7+ 18. Qe2 Qxd6 19. O-O cxd4 20. Qe4 Rb8 21.
Rfd1 Bb7 22. Qg4 Rbd8 23. Rd3 Qg6 24. Qxg6 fxg6 25. Rad1 Rf5 26. Rxd4 Rxd4 27.
Rxd4 Rd5 28. Rf4 g5 29. Rg4 Rd2 30. Kh2 Rxf2 0-1

[Event "2017 Alberta Open"]
[Site "?"]
[Date "2017.10.07"]
[Round "1"]
[White "Schocat, Eric"]
[Black "Kalashyan, Hayrapet"]
[Result "0-1"]
[WhiteElo "1868"]
[BlackElo "1409"]
[PlyCount "48"]
[SourceDate "2017.09.01"]

1. d4 d5 2. Nf3 Nf6 3. e3 e6 4. Bd3 c5 5. b3 Nc6 6. Bb2 Be7 7. Nbd2 a6 8. O-O
O-O 9. Ne5 Qc7 10. a3 Ne8 11. Rc1 f5 12. c4 Nf6 13. cxd5 Nxd5 14. Nxc6 bxc6 15.
dxc5 e5 16. Bc4 Be6 17. Qc2 e4 18. b4 Bf6 19. Nb3 Bxb2 20. Qxb2 Qd7 21. Nd4 Bf7
22. Ne2 Ne7 23. Rfd1 Qc7 24. Bxf7+ Rxf7 {phone forfeit} 0-1

[Event "2017 Alberta Open"]
[Site "?"]
[Date "2017.10.07"]
[Round "1"]
[White "Sharma, Vishruth"]
[Black "Kalisvaart, Peter"]
[Result "0-1"]
[WhiteElo "1680"]
[BlackElo "2048"]
[PlyCount "60"]
[SourceDate "2017.09.01"]

1. e4 e5 2. Nf3 Nc6 3. d4 exd4 4. Nxd4 Bc5 5. Be3 Qf6 6. c3 Nge7 7. Bc4 Nxd4 8.
cxd4 Bb4+ 9. Nc3 Qg6 10. O-O Bxc3 11. bxc3 Qxe4 12. Re1 Qh4 13. Qd2 h6 14. Bf4
d6 15. Qe3 Bd7 16. Re2 Kf8 17. g3 Qf6 18. Rae1 Ng6 19. Qe4 c6 20. Qb1 b6 21.
Bd2 Re8 22. d5 Rxe2 23. Rxe2 Ne5 24. Qe4 Bf5 25. Qf4 g5 26. Qe3 Nxc4 27. Qe8+
Kg7 28. Qxc6 Nxd2 29. Rxd2 Bh3 30. Rd3 Qf5 0-1

[Event "2017 Alberta Open"]
[Site "?"]
[Date "2017.10.07"]
[Round "1"]
[White "Ng, Gary"]
[Black "Young, Joseph"]
[Result "1-0"]
[WhiteElo "2386"]
[BlackElo "1853"]
[PlyCount "55"]
[SourceDate "2017.09.01"]

1. Nf3 d5 2. c4 e6 3. g3 Nf6 4. Bg2 c6 5. O-O Be7 6. d4 O-O 7. Qc2 b6 8. Rd1
Bb7 9. Nc3 Na6 10. Ne5 Rc8 11. e4 Nb4 12. Qe2 dxc4 13. Nxc4 b5 14. Ne5 Na6 15.
a3 Re8 16. Be3 Ra8 17. Rac1 Qa5 18. g4 Rad8 19. Qf3 Rf8 20. g5 Nd7 21. Ng4 f6
22. gxf6 Nxf6 23. e5 Nd5 24. Qh3 Nac7 25. Be4 g6 26. Bh6 Rf7 27. Nxd5 Nxd5 28.
Bd2 1-0

[Event "2017 Alberta Open"]
[Site "?"]
[Date "2017.10.07"]
[Round "1"]
[White "Findlay, Ian"]
[Black "Wei, Daniel"]
[Result "1-0"]
[WhiteElo "2220"]
[BlackElo "1799"]
[PlyCount "55"]
[SourceDate "2017.09.01"]

1. e4 c5 2. Nf3 Nc6 3. d4 cxd4 4. Nxd4 g6 5. Nc3 Bg7 6. Be3 Nf6 7. Bc4 Qa5 8.
O-O Qb4 9. Bb3 Nxe4 10. a3 Nxc3 11. Qf3 Ne5 12. axb4 Nxf3+ 13. Nxf3 Ne2+ 14.
Kh1 Bxb2 15. Rae1 Nc3 16. Bd4 Rf8 17. Re3 d6 18. Bxc3 Bxc3 19. Rxc3 Bd7 20. Re1
e6 21. Ng5 h6 22. Ne4 Ke7 23. Rc7 Kd8 24. Rc3 Ke7 25. Rh3 h5 26. Rd3 d5 27. Nc5
Bc6 28. Bxd5 1-0

[Event "2017 Alberta Open"]
[Site "?"]
[Date "2017.10.07"]
[Round "1"]
[White "Briones, Dante"]
[Black "Robertson, Trevor"]
[Result "1-0"]
[WhiteElo "2017"]
[BlackElo "1631"]
[PlyCount "77"]
[SourceDate "2017.09.01"]

1. e4 e6 2. d4 d5 3. e5 c5 4. c3 Nc6 5. Nf3 Qb6 6. Bd3 cxd4 7. cxd4 Nge7 8. O-O
Nf5 9. Bxf5 exf5 10. Nc3 Be6 11. a3 Be7 12. b4 O-O 13. Be3 h6 14. h4 a6 15. Qd2
Kh7 16. Rfe1 Qd8 17. g3 b5 18. Rac1 Rc8 19. Kg2 Rg8 20. Ne2 f6 21. Nf4 Bf7 22.
e6 Be8 23. Qd3 g6 24. h5 Bf8 25. hxg6+ Bxg6 26. Nxg6 Rxg6 27. Nh4 Ne7 28. Nxg6
Rxc1 29. Nxf8+ Qxf8 30. Rxc1 h5 31. Rc7 Qg7 32. Bf4 h4 33. Bd6 h3+ 34. Kh2 Qg4
35. Rxe7+ Kg6 36. Re8 Kh7 37. Rf8 Kg7 38. Rf7+ Kg6 39. Bf8 1-0

[Event "2017 Alberta Open"]
[Site "?"]
[Date "2017.10.07"]
[Round "1"]
[White "MacDonald, Dean"]
[Black "Koperski, Dustin"]
[Result "0-1"]
[WhiteElo "1461"]
[BlackElo "1886"]
[PlyCount "114"]
[SourceDate "2017.09.01"]

1. c4 c5 2. g3 Nc6 3. Bg2 g6 4. Nc3 Bg7 5. Nf3 e5 6. d3 Nge7 7. O-O O-O 8. Ng5
d6 9. Nge4 a6 10. Bd2 h6 11. Nd5 Nxd5 12. cxd5 Ne7 13. Qc1 Kh7 14. Nc3 Bd7 15.
Nd1 Qc8 16. e4 Bh3 17. Ne3 Bxg2 18. Kxg2 b5 19. a3 Qd7 20. h3 f5 21. f4 exf4
22. Rxf4 fxe4 23. dxe4 Ng8 24. Qc2 Qe7 25. Raf1 Rxf4 26. Rxf4 Rf8 27. Rxf8 Qxf8
28. Nd1 Qe7 29. Qd3 Nf6 30. Nf2 Nd7 31. Bc1 Ne5 32. Qe2 c4 33. Qe3 Qf6 34. Bd2
h5 35. Bc3 Qf8 36. Bxe5 Bxe5 37. Qa7+ Kh6 38. Qxa6 Bxb2 39. Qxb5 c3 40. Nd3 Qc8
41. Qc6 Qb8 42. Qc4 Qb6 43. h4 Qe3 44. Nf2 Qd2 45. Qd3 Qxd3 46. Nxd3 c2 47. e5
Bxe5 48. Kf3 Bc3 49. Nc1 Bd2 50. Nb3 c1=Q 51. Nxc1 Bxc1 52. a4 Ba3 53. Ke4 Bc5
54. a5 Kg7 55. Kf4 Kf6 56. Ke4 g5 57. a6 Ba7 0-1

[Event "2017 Alberta Open"]
[Site "?"]
[Date "2017.10.07"]
[Round "1"]
[White "Malek, Omid"]
[Black "Boland, Rose"]
[Result "1-0"]
[WhiteElo "2146"]
[BlackElo "1692"]
[PlyCount "85"]
[SourceDate "2017.09.01"]

1. d4 e6 2. Bf4 d5 3. e3 c5 4. c3 Nc6 5. Nf3 Bd6 6. Bg3 Nf6 7. Nbd2 O-O 8. Bd3
b6 9. Ne5 Bb7 10. f4 Ne7 11. Qf3 cxd4 12. exd4 Nf5 13. Bf2 Nd7 14. g4 Nh4 15.
Qg3 Be7 16. Nxd7 Qxd7 17. O-O f5 18. g5 Ng6 19. h4 Rae8 20. Nf3 Bd6 21. Be3 Qc7
22. Ne1 Kh8 23. Ng2 Ne7 24. Rf3 h6 25. h5 hxg5 26. Qxg5 Ng8 27. Nh4 Rf6 28.
Ng6+ Kh7 29. Rg3 Nh6 30. Be2 Bc6 31. Kh2 Rg8 32. Rag1 Be8 33. Ne5 Ng4+ 34. Bxg4
fxg4 35. Qxg4 Rf5 36. Rh3 Qe7 37. Qg6+ Kh8 38. h6 Bxg6 39. Nxg6+ Kh7 40. hxg7+
Kxg7 41. Nxe7+ Kf7 42. Rh7+ Ke8 43. Nxf5 1-0

[Event "2017 Alberta Open"]
[Site "?"]
[Date "2017.10.07"]
[Round "1"]
[White "Ivey, James"]
[Black "Gardner, Rob"]
[Result "0-1"]
[WhiteElo "1757"]
[BlackElo "2271"]
[PlyCount "76"]
[SourceDate "2017.09.01"]

1. e4 g6 2. Nc3 Bg7 3. d4 c6 4. Bc4 b5 5. Bb3 e6 6. Nf3 b4 7. Ne2 Nf6 8. e5 Nd5
9. Bxd5 cxd5 10. O-O O-O 11. c3 bxc3 12. Nxc3 Ba6 13. Re1 d6 14. Bg5 Qd7 15.
Qd2 Rc8 16. Rac1 Nc6 17. exd6 Qxd6 18. Na4 Qb4 19. Rxc6 Qxa4 20. Rxc8+ Rxc8 21.
b3 Qc6 22. Rc1 Qxc1+ 23. Qxc1 Rxc1+ 24. Bxc1 f6 25. Ba3 Bf8 26. Bc5 Bxc5 27.
dxc5 e5 28. Nd2 Kf7 29. f3 Ke6 30. Kf2 f5 31. b4 Bb5 32. h4 d4 33. g3 Kd5 34.
f4 e4 35. Ke1 e3 36. Nf3 d3 37. a3 d2+ 38. Kd1 Ba4+ 0-1

[Event "2017 Alberta Open"]
[Site "?"]
[Date "2017.10.07"]
[Round "1"]
[White "Karmali, Hafiz"]
[Black "Kadavil, Suresh"]
[Result "1-0"]
[WhiteElo "1985"]
[BlackElo "1605"]
[PlyCount "121"]
[SourceDate "2017.09.01"]

1. e4 b6 2. d4 Bb7 3. Nc3 e6 4. Nf3 Bb4 5. Bd3 Nf6 6. e5 Ne4 7. Bd2 Nxd2 8.
Qxd2 d5 9. O-O Ba6 10. Bxa6 Nxa6 11. Qd3 Qc8 12. Ne2 Be7 13. h4 h6 14. c3 c6
15. Rfe1 Nc7 16. Ng3 Qa6 17. Qc2 g5 18. Nh5 O-O-O 19. Nf6 gxh4 20. b4 Qc4 21.
Nd2 Qa6 22. a4 Qb7 23. Reb1 Bxf6 24. exf6 Rdg8 25. Kf1 Rg6 26. Nf3 Rxf6 27.
Nxh4 Ne8 28. c4 dxc4 29. Qxc4 Nd6 30. Qe2 Rg8 31. b5 cxb5 32. Qe5 Ne4 33. Rc1+
Kd8 34. f3 Rg5 35. Qh2 Nd2+ 36. Ke1 Nb3 37. Qd6+ Ke8 38. Rc7 Qxc7 39. Qxc7 Nxa1
40. Qc3 Rf4 41. Qc8+ Ke7 42. Qc7+ Kf8 43. Qxf4 bxa4 44. Qb8+ Kg7 45. Qxa7 b5
46. f4 Rh5 47. Nf3 Nc2+ 48. Kd2 Na3 49. Ne5 Nc4+ 50. Nxc4 bxc4 51. Kc3 Rf5 52.
g3 Rb5 53. g4 Rb3+ 54. Kxc4 Rg3 55. f5 exf5 56. gxf5 a3 57. d5 h5 58. d6 Kf8
59. d7 Ke7 60. Qc7 Rg4+ 61. Kd5 1-0

[Event "2017 Alberta Open"]
[Site "?"]
[Date "2017.10.07"]
[Round "1"]
[White "Daniluk, Jim"]
[Black "Maxwell, Jonathan"]
[Result "1-0"]
[WhiteElo "1950"]
[BlackElo "1469"]
[PlyCount "89"]
[SourceDate "2017.09.01"]

1. d4 Nf6 2. Bf4 e6 3. e3 b6 4. Nf3 Bb7 5. Bd3 c5 6. c3 d5 7. Nbd2 c4 8. Bc2 b5
9. Ne5 Nbd7 10. O-O a5 11. Qf3 h6 12. h4 Nb6 13. Rfe1 Bd6 14. e4 Qc7 15. Bg3
O-O 16. h5 Rad8 17. Bh4 Bxe5 18. dxe5 Qxe5 19. exd5 Qxh5 20. Bxf6 Qxf3 21. Nxf3
gxf6 22. dxe6 fxe6 23. Nd4 e5 24. Nxb5 Rd2 25. Na3 Rfd8 26. Rad1 Rxd1 27. Rxd1
Rxd1+ 28. Bxd1 a4 29. b3 axb3 30. axb3 Bd5 31. bxc4 Bxc4 32. Nxc4 Nxc4 33. Bb3
Kf7 34. Bxc4+ Ke7 35. Kh2 f5 36. Kg3 Kd6 37. Kf3 h5 38. g3 Kc6 39. Be6 Kc5 40.
Bxf5 Kc4 41. Ke4 Kxc3 42. Kxe5 Kd2 43. g4 hxg4 44. Bxg4 Ke1 45. f4 1-0

[Event "2017 Alberta Open"]
[Site "?"]
[Date "2017.10.07"]
[Round "1"]
[White "Chen, Jeffrey"]
[Black "Guevarra, Alvin"]
[Result "0-1"]
[WhiteElo "1465"]
[BlackElo "1942"]
[PlyCount "47"]
[SourceDate "2017.09.01"]

1. e4 d6 2. d4 Nf6 3. Nc3 g6 4. Be3 c6 5. Bd3 b5 6. Nf3 Nbd7 7. Ne2 Nb6 8. c3
Bg7 9. Qc2 O-O 10. h3 Bb7 11. b3 Qc7 12. Rc1 e5 13. O-O Rfe8 14. c4 bxc4 15.
bxc4 Nbd7 16. c5 d5 17. Nc3 dxe4 18. Bxe4 exd4 19. Bxd4 Nf8 20. Be3 Nd5 21.
Bxd5 cxd5 22. Nb5 Qc6 23. Nd6 Ba6 24. Rfd1 {unreadable} 0-1

[Event "2017 Alberta Open"]
[Site "?"]
[Date "2017.10.07"]
[Round "1"]
[White "Offengenden, Ron"]
[Black "Bertrand, Daryl"]
[Result "0-1"]
[WhiteElo "1634"]
[BlackElo "2034"]
[PlyCount "138"]
[SourceDate "2017.09.01"]

1. e4 e5 2. Nf3 Nc6 3. d4 exd4 4. Bc4 Nf6 5. e5 d5 6. Bb5 Ne4 7. Nxd4 Bd7 8.
Nxc6 bxc6 9. Bd3 Nc5 10. Nc3 Nxd3+ 11. Qxd3 Bc5 12. Be3 Bxe3 13. Qxe3 Qb8 14.
Rb1 Qb4 15. Qd2 Bf5 16. O-O d4 17. Ne4 Qxd2 18. Nxd2 Bxc2 19. Rbc1 d3 20. b3
O-O-O 21. h3 Rhe8 22. Nc4 d2 23. Rxc2 d1=Q 24. Rxd1 Rxd1+ 25. Kh2 Rd5 26. a3
Kd7 27. b4 Rdxe5 28. Nxe5+ Rxe5 29. Kg3 Rd5 30. Rc3 c5 31. bxc5 Kc6 32. Rb3
Rxc5 33. Kf3 a5 34. Ke2 Rc2+ 35. Ke1 Kc5 36. Rb7 Kc4 37. Ra7 Kd3 38. Kd1 Rxf2
39. Kc1 Rc2+ 40. Kb1 Rc5 41. Rb7 Kc3 42. Rb2 Rc4 43. Rf2 f6 44. Re2 Kb3 45.
Re3+ Rc3 46. Re7 Rg3 47. Re2 c5 48. Rb2+ Kxa3 49. Ra2+ Kb4 50. Rc2 c4 51. Ka2
Ra3+ 52. Kb1 Rb3+ 53. Ka2 c3 54. g3 Rb2+ 55. Rxb2+ cxb2 56. Kxb2 Kc4 57. h4 Kd4
58. g4 Ke4 59. g5 f5 60. h5 f4 61. h6 gxh6 62. gxh6 f3 63. Ka3 f2 64. Kb3 f1=Q
65. Kc3 Qb5 66. Kc2 Kd4 67. Kd2 Qb2+ 68. Ke1 Ke3 69. Kf1 Qf2# 0-1

[Event "2017 Alberta Open"]
[Site "?"]
[Date "2017.10.07"]
[Round "1"]
[White "Ratte, Cameron"]
[Black "Matras-Clement, Agnieszka"]
[Result "0-1"]
[WhiteElo "1666"]
[BlackElo "2308"]
[PlyCount "72"]
[SourceDate "2017.09.01"]

1. e4 c5 2. Nf3 Nc6 3. d4 cxd4 4. Nxd4 Nf6 5. Nc3 e6 6. Nxc6 bxc6 7. e5 Nd5 8.
Ne4 Qc7 9. f4 Qb6 10. a3 Be7 11. c4 Ne3 12. Qd3 Nf5 13. b4 Ba6 14. g4 Qd4 15.
Qxd4 Nxd4 16. Ra2 f5 17. exf6 gxf6 18. Be3 Nf3+ 19. Kf2 Nh4 20. Kg3 f5 21. Nc5
Bc8 22. g5 Ng6 23. Bg2 Rb8 24. h4 e5 25. fxe5 f4+ 26. Bxf4 Bxc5 27. bxc5 Rb3+
28. Bf3 Nxf4 29. h5 Rf8 30. Rf2 Nd3 31. Bd1 Nxf2+ 32. Bxb3 Nxh1+ 33. Kg2 Rf5
34. g6 hxg6 35. hxg6 Rg5+ 36. Kxh1 Rxg6 0-1

[Event "2017 Alberta Open"]
[Site "?"]
[Date "2017.10.07"]
[Round "1"]
[White "Laceste, Loren"]
[Black "McKay, Arnold"]
[Result "1-0"]
[WhiteElo "2301"]
[BlackElo "1826"]
[PlyCount "71"]
[SourceDate "2017.09.01"]

1. d4 Nf6 2. Nf3 e6 3. g3 d5 4. Bg2 Be7 5. O-O O-O 6. c4 c6 7. Qc2 Nbd7 8. b3
Bd6 9. Bb2 Re8 10. Nc3 Nf8 11. e4 Nxe4 12. Nxe4 dxe4 13. Qxe4 Ng6 14. Rad1 Qa5
15. a3 Bd7 16. Ne5 Bxe5 17. dxe5 Rad8 18. h4 Ne7 19. h5 Bc8 20. b4 Qc7 21. h6
Nf5 22. hxg7 Nxg7 23. Qf4 Qe7 24. Be4 Nf5 25. Kg2 Qf8 26. Bxf5 Rxd1 27. Bxh7+
Kxh7 28. Rxd1 Qg7 29. Rh1+ Kg8 30. Rh4 Kf8 31. Rh6 Ke7 32. Qh4+ Kd7 33. Qd4+
Kc7 34. Qd6+ Kb6 35. Bd4+ Ka6 36. b5+ 1-0

[Event "2017 Alberta Open"]
[Site "?"]
[Date "2017.10.07"]
[Round "1"]
[White "Zeggelaar, Mike"]
[Black "Lau, Julian"]
[Result "1-0"]
[WhiteElo "1938"]
[BlackElo "1536"]
[PlyCount "109"]
[SourceDate "2017.09.01"]

1. e4 e5 2. Nf3 Nc6 3. Bb5 Nd4 4. Nxd4 exd4 5. O-O c6 6. Bc4 Nf6 7. e5 d5 8.
Bb3 Ne4 9. c3 Bc5 10. d3 Ng5 11. f4 Ne6 12. Kh1 Qh4 13. Qe1 Qh5 14. Bd1 Qf5 15.
Qg3 h5 16. Nd2 Bd7 17. Nb3 Bb6 18. Be2 O-O-O 19. Bd2 f6 20. Nxd4 Nxd4 21. cxd4
Bxd4 22. Be3 h4 23. Qf3 Bxe3 24. Qxe3 h3 25. g4 Qe6 26. Qxa7 fxe5 27. f5 Qh6
28. Bf3 Rhf8 29. Rac1 g6 30. Rc3 gxf5 31. Rb3 Kc7 32. Qxb7+ Kd6 33. Qb4+ Kc7
34. Qa5+ Kd6 35. Qa3+ Kc7 36. g5 Qxg5 37. Rg1 Qf6 38. Bxd5 Be6 39. Qa7+ Kd6 40.
Qa3+ Kc7 41. Bxe6 Qxe6 42. Rg7+ Rd7 43. Qxf8 Qd5+ 44. Kg1 Qd4+ 45. Kf1 Qf4+ 46.
Ke2 Qxh2+ 47. Kd1 Qh1+ 48. Kc2 Qh2+ 49. Kc3 Rxg7 50. Qxg7+ Kd6 51. Qf8+ Ke6 52.
Rb7 f4 53. Qf7+ Kd6 54. Qe7+ Kd5 55. Rd7# 1-0

[Event "2017 Alberta Open"]
[Site "?"]
[Date "2017.10.07"]
[Round "1"]
[White "Timmerman, Brian"]
[Black "Mo, Michelle"]
[Result "1-0"]
[WhiteElo "2038"]
[BlackElo "1520"]
[PlyCount "95"]
[SourceDate "2017.09.01"]

1. e4 c5 2. Nf3 d6 3. d4 cxd4 4. Nxd4 Nf6 5. Nc3 a6 6. h3 e6 7. g4 b5 8. g5
Nfd7 9. Be3 Bb7 10. Bg2 Nb6 11. Qe2 N8d7 12. O-O-O Rc8 13. f4 Be7 14. h4 Nc5
15. a3 Nc4 16. h5 Qa5 17. g6 Nxa3 18. gxf7+ Kf8 19. h6 g6 20. f5 Nc4 21. Kb1
Qb4 22. Bc1 Na3+ 23. Ka1 Na4 24. fxg6 hxg6 25. Rhf1 Bg5 26. Nxe6+ Ke7 27. Bxg5+
Kd7 28. f8=N+ Rhxf8 29. Nxf8+ Rxf8 30. Rxd6+ Kxd6 31. Qd3+ Kc7 32. Bc1 Rxf1 33.
Bxf1 Nxc3 34. Qxc3+ Qxc3 35. bxc3 Nxc2+ 36. Kb2 a5 37. h7 a4 38. Kxc2 Bxe4+ 39.
Bd3 a3 40. Bxa3 Bc6 41. h8=Q g5 42. Qg7+ Kb6 43. Qxg5 Kc7 44. Qe7+ Kc8 45. Bd6
Bd7 46. Bxb5 Bf5+ 47. Kb2 Bc2 48. Qc7# 1-0

[Event "2017 Alberta Open"]
[Site "?"]
[Date "2017.10.07"]
[Round "1"]
[White "Yao, David"]
[Black "Villavieja, Butch"]
[Result "0-1"]
[WhiteElo "1787"]
[BlackElo "2168"]
[PlyCount "131"]
[SourceDate "2017.09.01"]

1. Nf3 Nf6 2. d3 g6 3. e4 d6 4. g3 Bg7 5. Bg2 O-O 6. Nc3 c5 7. O-O Nc6 8. h3
Rb8 9. Be3 Nd7 10. Rb1 Qa5 11. d4 cxd4 12. Nxd4 Nde5 13. Qe2 Nxd4 14. Bxd4 Be6
15. Nd5 Bxd5 16. exd5 Qxa2 17. Ra1 Qc4 18. Qxc4 Nxc4 19. Bxg7 Kxg7 20. Rxa7
Rfc8 21. Re1 Rc7 22. b3 Nb6 23. Ra2 Kf8 24. c4 Nd7 25. Rc2 b5 26. Bf1 b4 27.
Ra1 Nc5 28. Rb2 Rbb7 29. Ra8+ Kg7 30. Be2 Ra7 31. Rb8 Rcb7 32. Rxb7 Nxb7 33.
Kg2 Nc5 34. Kf3 Ra3 35. Bd1 Nd3 36. Rd2 Nc5 37. Rb2 Na4 38. Rd2 Kf6 39. Rd3 Nb2
40. Rd2 Nxd1 41. Rxd1 Rxb3+ 42. Ke4 e5 43. Rd3 Rb2 44. c5 Re2+ 45. Kf3 e4+ 46.
Kxe2 exd3+ 47. Kxd3 dxc5 48. Kc4 Ke5 49. Kxc5 b3 50. d6 b2 51. d7 b1=Q 52. d8=Q
Qc2+ 53. Kb5 Qxf2 54. Qh8+ Ke6 55. Qe8+ Kf6 56. Qh8+ Ke6 57. Qe8+ Kd5 58. Qc6+
Ke5 59. Qe8+ Kd4 60. Qh8+ Ke4 61. Qxh7 Qf5+ 62. Kb6 Kf3 63. Qh4 g5 64. Qd4 Kxg3
65. Qe3+ Kh4 66. Kc6 0-1